Vista normal
Vista MARC
Entrada Personal Name
Número de registros utilizados en: 4
001 - CONTROL NUMBER
- control field: 9160
003 - CONTROL NUMBER IDENTIFIER
- control field: OSt
005 - DATE AND TIME OF LATEST TRANSACTION
- control field: 20200824194237.0
008 - FIXED-LENGTH DATA ELEMENTS
- fixed length control field: 200824|| aca||aabn | a|a d
040 ## - CATALOGING SOURCE
- Original cataloging agency: OSt
- Transcribing agency: OSt
100 ## - HEADING--PERSONAL NAME
- Personal name: Hernández Gamarra, Antonio
670 ## - SOURCE DATA FOUND
- Source citation: Work cat.: (OSt)6304: Hernández Gamarra, Antonio, autor, Propuesta para el fortalecimiento fiscal de los departamentos / , 2009